000 00573nam a2200181 i 4500
001 99717
003 ES-MaACL
007 t|
008 050915s1985 sp ||||1| spa d
020 _a84-313-0893-1
100 1 _aMartínez Caro, Carlos.
_977928
245 1 0 _aArquitectura urbana
_b: elementos de teoría y diseño /
_cCarlos Martínez Caro, Juan Luis de las Rivas.
260 _aPamplona :
_bEUNSA,
_c1985.
300 _a245 p. :
_bil. ;
_c21 cm.
504 _aBibliografía. Indice.
700 1 _aRivas, Juan de las.
_997560
852 _aES-MaACL
_jL-9515
_bR.111422
999 _c99717
_d99717